Death and the afterlife in Ancient Egypt

Saved in:  
Bibliographic Details
Main Author: Taylor, John H. 1958- (Author)
Format: Print Book
Language:English
Subito Delivery Service: Order now.
Check availability: HBZ Gateway
WorldCat: WorldCat
Interlibrary Loan:Interlibrary Loan for the Fachinformationsdienste (Specialized Information Services in Germany)
Published: Chicago The University of Chicago Press 2001
In:Year: 2001

MARC

LEADER 00000cam a2200000 c 4500
001 1621066630
003 DE-627
005 20251225202148.0
007 tu
008 051123s2001 xx ||||| 00| ||eng c
020 |a 0226791645  |9 0-226-79164-5 
035 |a (DE-627)1621066630 
035 |a (DE-576)121562271 
035 |a (DE-599)BSZ121562271 
035 |a (OCoLC)45195698 
035 |a (OCoLC)45195698 
040 |a DE-627  |b ger  |c DE-627  |e rakwb 
041 |a eng 
082 0 |a 299/.31 
100 1 |8 1\p  |0 (DE-588)1056116072  |0 (DE-627)793991277  |0 (DE-576)412776316  |4 aut  |a Taylor, John H.  |d 1958- 
109 |a Taylor, John H. 1958-  |a Hilton Taylor, John 1958-  |a Taylor, John 1958-  |a Taylor, John Hilton 1958- 
191 |a 1 
245 1 0 |a Death and the afterlife in Ancient Egypt  |c John H. Taylor 
264 1 |a Chicago  |b The University of Chicago Press  |c 2001 
300 |a 272 S.  |b zahlr. Ill. 
336 |a Text  |b txt  |2 rdacontent 
337 |a ohne Hilfsmittel zu benutzen  |b n  |2 rdamedia 
338 |a Band  |b nc  |2 rdacarrier 
583 1 |a Archivierung prüfen  |c 20221111  |f DE-640  |z 3  |2 pdager 
883 |8 1\p  |a cgwrk  |d 20250301  |q DE-101  |u https://d-nb.info/provenance/plan#cgwrk 
935 |a mteo 
951 |a BO 
ELC |b 1 
ORI |a SA-MARC-ixtheo_oa001.raw 
REL |a 1 
SUB |a REL